Introduction à la science politique / (Record no. 53883)
[ view plain ]
| 000 -LEADER | |
|---|---|
| campo de control de longitud fija | 01015nam a2200277 4500 |
| 001 - NÚMERO DE CONTROL | |
| campo de control | 18773 |
| 003 - IDENTIFICADOR DE NÚMERO DE CONTROL | |
| campo de control | BJBSDDR |
| 005 - FECHA Y HORA DE LA ÚLTIMA TRANSACCIÓN | |
| campo de control | 20260417134753.0 |
| 007 - CAMPO FIJO DE DESCRIPCIÓN FÍSICA--INFORMACIÓN GENERAL | |
| campo de control de longitud fija | ta |
| 008 - DATOS DE LONGITUD FIJA--INFORMACIÓN GENERAL | |
| campo de control de longitud fija | 060907s2001 fr fre |
| 020 ## - NÚMERO INTERNACIONAL ESTÁNDAR DEL LIBRO | |
| Número Internacional Estándar del Libro | 201145476X |
| 020 ## - NÚMERO INTERNACIONAL ESTÁNDAR DEL LIBRO | |
| Número Internacional Estándar del Libro | 9782011454768 |
| 040 ## - FUENTE DE CATALOGACIÓN | |
| Lengua de catalogación | eng |
| Centro/agencia transcriptor | DLC |
| 041 ## - CÓDIGO DE IDIOMA | |
| Código de lengua del texto/banda sonora o título independiente | FR |
| 050 14 - SIGNATURA TOPOGRÁFICA DE LA BIBLIOTECA DEL CONGRESO | |
| Número de clasificación | JA 88 |
| Número de ítem | D413i 2001 |
| 100 1# - ENTRADA PRINCIPAL--NOMBRE DE PERSONA | |
| Nombre de persona | Denquin, Jean-Marie, |
| Fechas asociadas al nombre | 1947- |
| 9 (RLIN) | 44355 |
| 245 10 - MENCIÓN DEL TÍTULO | |
| Título | Introduction à la science politique / |
| Mención de responsabilidad, etc. | Jean-Marie Denquin. |
| 250 ## - MENCION DE EDICION | |
| Mención de edición | 2ème éd. revue et augmentée |
| 260 ## - PUBLICACIÓN, DISTRIBUCIÓN, ETC. | |
| Lugar de publicación, distribución, etc. | Paris : |
| Nombre del editor, distribuidor, etc. | Hachette Livre, |
| Fecha de publicación, distribución, etc. | 2001 |
| 300 ## - DESCRIPCIÓN FÍSICA | |
| Extensión | 155 pages ; |
| Dimensiones | 19 cm. |
| 490 1# - MENCIÓN DE SERIE | |
| Mención de serie | Les Fondamentaux |
| 520 ## - RESUMEN, ETC. | |
| Sumario, etc. | Une connaissance de base de la science politique est fréquemment requise des étudiants dans les filières universitaires politiques, juridiques et économiques. Ce livre propose des réponses claires et synthétiques aux questions essentielles que pose la matière. |
| 650 #4 - PUNTO DE ACCESO ADICIONAL DE MATERIA--TÉRMINO DE MATERIA | |
| Término de materia o nombre geográfico como elemento de entrada | Ciencias políticas |
| 9 (RLIN) | 4398 |
| 830 #0 - PUNTO DE ACCESO ADICIONAL DE SERIE-TÍTULO UNIFORME | |
| Título uniforme | Fondamentaux, |
| 9 (RLIN) | 47999 |
| Designación de volumen o secuencia | 12 |
| 942 ## - ELEMENTOS DE ENTRADA SECUNDARIOS (KOHA) | |
| Fuente del sistema de clasificación o colocación | Clasificación de Library of Congress |
| Tipo de ítem Koha | Libro |
| Estatus retirado | Estado de pérdida | Fuente del sistema de clasificación o colocación | Estado de daño | No para préstamo | Colección | Biblioteca de origen | Biblioteca actual | Ubicación en estantería | Fecha de adquisición | Signatura topográfica completa | Código de barras | Visto por última vez | Copia número | Tipo de ítem Koha |
|---|---|---|---|---|---|---|---|---|---|---|---|---|---|---|
| Clasificación de Library of Congress | Ciencias Sociales | Biblioteca Juan Bosch | Biblioteca Juan Bosch | Ciencias Sociales (3er. Piso) | 24/10/2018 | JA 88 D413i 2001 | 00000017592 | 24/10/2018 | 1 | Libro |
